000 00866nam a22002417a 4500
999 _c91251
_d91251
010 _aENG-112106 ENG-136616
020 _a9780198099574
_c995.00
020 _a0198099576
_c995.00
035 _aEN-95638 EN-120148
037 _bDBAD/PUB
082 _a949.60391
100 _aAkcapar, Burak
245 _aPeople's mission to the Ottoman Empire/
_cby Burak Akcapar
260 _aNew Delhi
_bOxford University Press
_c2015
270 _aYMCA Library Building, 1, Jai Singh Road,
_bNew Delhi
_e110001
300 _axii,336p.
_c23cm(Hb)
500 _aIncludes bibliographical references (pages 318-325) and index
600 _aAnsari, M. A.
_d1880-1936
_xCorrespondence.
650 _aMissions, Medical
_zTurkey
_xHistory.
650 _aPanislamism.
650 _aPhysicians
_xhistory
_zOttoman Empire.
942 _2ddc
_cEN
_mAKC
_h949.60391